01087cam a22002654a 450000500170000000800410001702000150005804000180007304100080009104400080009908200180010724501170012526000590024230000550030150000350035650400410039165000440043265000400047665000370051670000380055370000300059194200150062199900150063695201700065120180803165029.0990302s2000 enka b 001 0 eng  a0748408460 aDLCcDLCdDLC0 aeng aenk00a910.285bS73m00aSpatial models and GIS :bnew potential and new models /ceditado por A. Stewart Fotheringham, Michael Wegener. aLondon ;aPhiladelphia, PA :bTaylor & Francis,c2000. axxv, 279 páginas :bilustraciones ;c26 x 18 cm. a"European Science Foundation." aIncluye referencias bibliográficas16aSistemas de información geográfica.26aDistribución espacialxanálisis26aDistribución espacialvmodelos1 aFotheringham, A. Stewart.eeditor1 aWegener, Michael.eeditor 2ddccLIBRO c2697d2697 00102ddc40708GENERALIINV2017aBogotabBogotad2002-06-12eInstitutog39000.00l0oLB-910.285 S73mp005003r2012-12-04 00:00:00tEj. 1w2012-12-04xComprayLIBRO